BIBLIOTECA PODER JUDICIAL
Portal Judicial TDF

Defraudación informática (art. 173, inc. 16, Cód. Penal) / (Registro nro. 5418)

000 -LEADER
fixed length control field 01244nab a22002177a 4500
003 - CONTROL NUMBER IDENTIFIER
control field OSt
005 - DATE AND TIME OF LATEST TRANSACTION
control field 20250321095510.0
008 - FIXED-LENGTH DATA ELEMENTS--GENERAL INFORMATION
fixed length control field 190502c xxu||||| |||| 00| 0 spa d
040 ## - CATALOGING SOURCE
Transcribing agency PJ
100 ## - MAIN ENTRY--PERSONAL NAME
Personal name Carús, Juan
9 (RLIN) 6439
245 10 - TITLE STATEMENT
Title Defraudación informática (art. 173, inc. 16, Cód. Penal) /
Statement of responsibility, etc Juan Carús.
300 ## - PHYSICAL DESCRIPTION
Extent p. 3-18
500 ## - GENERAL NOTE
General note Cita Online: AR/DOC/97/2025.
505 ## - FORMATTED CONTENTS NOTE
Formatted contents note Sumario: I. Bien jurídico tutelado.— II. ¿Qué clase de delito es la defraudación informática?— III. Tipo objetivo.— IV. Consumación.— V. Participación (complicidad primaria).— VI. Encubrimiento.— VII. Concursos.— VIII. Casuística.— IX. Cuestiones probatorias.— X. Falta de acción por reparación del daño.— XI. Cuestiones de competencia.
505 ## - FORMATTED CONTENTS NOTE
Title Fallo comentado: CNFed. Crim. y Correc., sala I ~ 23/09/2024 ~ Maduro Moros, Nicolás s/ queja de la querella - recurso de queja N.º 6.
505 ## - FORMATTED CONTENTS NOTE
Title ¿Te interesa el texto completo? Solicitalo al correo: koha@justierradelfuego.gov.ar
650 #0 - SUBJECT ADDED ENTRY--TOPICAL TERM
9 (RLIN) 343
Topical term or geographic name as entry element DERECHO PENAL
650 #0 - SUBJECT ADDED ENTRY--TOPICAL TERM
9 (RLIN) 278
Topical term or geographic name as entry element DELITOS INFORMATICOS
773 0# - HOST ITEM ENTRY
Host Biblionumber 2729
Host Itemnumber 3180
Place, publisher, and date of publication Buenos Aires : LexisNexis, 2006-
Title Revista de derecho penal y procesal penal. Nº 3 - Marzo 2025
International Standard Book Number 9875920622
942 ## - ADDED ENTRY ELEMENTS (KOHA)
Source of classification or shelving scheme
Koha item type Analítica Artículo de Revista

No hay ítems disponibles.

12 de Octubre 789 Ushuaia - Tel:  54(02901)441571
Horario de Atención: 8.00 a 17.00 hs. 
bibliotecaush@justierradelfuego.gov.ar
koha@justierradelfuego.gov.ar
Seguinos en nuestras redes @bibliojustdf 

Con tecnología Koha